Servants : English domestics in the eighteenth century
Αποθηκεύτηκε σε:
| Κύριος συγγραφέας: | |
|---|---|
| Μορφή: | Βιβλίο |
| Γλώσσα: | English |
| Δημοσίευση: |
Oxford, UK; New York :
Clarendon Press, Oxford University Press,
2004, c1996
|
| Θέματα: | |
| Ετικέτες: |
Προσθήκη ετικέτας
Δεν υπάρχουν, Καταχωρήστε ετικέτα πρώτοι!
|
MARC
| LEADER | 00000cam a2200000 i 4500 | ||
|---|---|---|---|
| 001 | 1/54636 | ||
| 008 | 070912s1996 eng d | ||
| 020 | |a 0-19-820621-6 (hbk.) | ||
| 035 | |l 10090632 | ||
| 040 | |a GR-MY-UA |b gre |e aacr | ||
| 041 | 0 | |a eng | |
| 082 | 0 | |a 305.56 |2 (22) | |
| 100 | 1 | |a Hill, Bridget. | |
| 245 | 1 | 0 | |a Servants : |b English domestics in the eighteenth century / |c Bridget Hill |
| 260 | |a Oxford, UK; New York : |b Clarendon Press, |b Oxford University Press, |c 2004, c1996 | ||
| 300 | |a 278 σ.; |c 23 εκ. | ||
| 504 | |a Βιβλιογραφία: σ. [263]-272 | ||
| 504 | |a Περιέχει ευρετήριο | ||
| 650 | 0 | 0 | |a Domestics |z England |x History |y 18th century. |
| 651 | 0 | |a England |x Social life and customs |y 18th century. | |
| 651 | 0 | |a England |x Social conditions |y 18th century. | |
| 852 | |a INST |b LESVOS |e 20070912 |h 305.56 HIL |p 005100039118 |q 005100039118 |t BK |y 0 | ||
| 901 | |a BIBL1-2007-3 | ||
| 909 | |a Λ |b 138211 | ||
| 922 | |a 1ΕΛΗ |b 200707 |c ΕΠΕΑΕΚ2/ΤΚΑ |d ΠΑΠΑΣΩΤΗΡΙΟΥ | ||
| 970 | |a ΒΑΡΚΑ |b ΕΛΕΥΘΕΡΙΑ |z 2007/09/12 | ||